00501cam a2200193 450000100070000000500170000700800410002401000170006502000150008204000180009704100080011504300120012308000180013508200220015310000070017510100080018224501060019035000110029678516020180314085650.0720620s1972 nyua 001 0 eng  a 73184065  a0670385581 aDLCcDLCdDLC aeng an-us--- a758.10973 HOW00a758.10973 HOW2191 a44 aART14aThe Hudson River and its painters,cby John K. Howat. Pref. by James Biddle. Foreword by Carl Carmer. a$25.00